Fr. Conceicao Rodrigues College of Engineering

Basic Inorganic Chemistry (Record no. 28127)

MARC details
000 -LEADER
fixed length control field 00394nam a2200181Ia 4500
082 ## - DEWEY DECIMAL CLASSIFICATION NUMBER
Classification number 546/COT
Item number COT
100 ## - MAIN ENTRY--PERSONAL NAME
Personal name Cotton/Albert F
250 ## - EDITION STATEMENT
Edition statement 8
245 ## - TITLE STATEMENT
Title Basic Inorganic Chemistry
260 ## - PUBLICATION, DISTRIBUTION, ETC.
Name of publisher, distributor, etc. Wiley India
Place of publication, distribution, etc. New Delhi
Date of publication, distribution, etc. 2001
366 ## - TRADE AVAILABILITY INFORMATION
Publishers's discount category 15
300 ## - PHYSICAL DESCRIPTION
Extent 838
546 ## - LANGUAGE NOTE
Language note ENGLISH
650 ## - SUBJECT ADDED ENTRY--TOPICAL TERM
Topical term or geographic name entry element Inorganic Chemistry
654 ## - SUBJECT ADDED ENTRY--FACETED TOPICAL TERMS
Focus term inorganic chemistry
942 ## - ADDED ENTRY ELEMENTS (KOHA)
Koha item type BOOK
Holdings
Withdrawn status Lost status Damaged status Not for loan Collection Home library Current library Date acquired Cost, normal purchase price Inventory number Total Checkouts Full call number Barcode Date last seen Cost, replacement price Price effective from Koha item type
        CRC Fr. Agnel's C.Rodrigues College of Engineering Fr. Agnel's C.Rodrigues College of Engineering 17/03/2023 384.00 5416 dt 01/12/2007   546/COT COT 18064 17/03/2023 399.00   BOOK
        CRC Fr. Agnel's C.Rodrigues College of Engineering Fr. Agnel's C.Rodrigues College of Engineering 17/03/2023 384.00     546/COT COT 18065 17/03/2023 399.00   BOOK
        CRC Fr. Agnel's C.Rodrigues College of Engineering Fr. Agnel's C.Rodrigues College of Engineering 17/03/2023 384.00     546/COT COT 18066 17/03/2023 399.00   Reference Book